Rozvoj aplikácií marketingu - projektový marketing
Marketingové poňatie projektu a definícia projektového marketingu. Vzťahy a odlišnosti medzi projektovým marketingom a projektovým manažmentom. Typické modely projektov s charakteristikou vzťahov medzi zúčastnenými subjektami na strane predaja i nákupu. Prvky projektového marketingu.
Gespeichert in:
| 1. Verfasser: | |
|---|---|
| Format: | Buchkapitel |
| Sprache: | Slowakisch |
| Schlagworte: | |
| Tags: |
Keine Tags, Fügen Sie das erste Tag hinzu!
|
MARC
| LEADER | 00000naa$a2200000$$$4500 | ||
|---|---|---|---|
| 001 | 0006949 | ||
| 005 | 20231005083222.7 | ||
| 041 | 0 | |a slo | |
| 044 | |a SK | ||
| 245 | 1 | 0 | |a Rozvoj aplikácií marketingu - projektový marketing |c Milan Oreský |
| 520 | |a Marketingové poňatie projektu a definícia projektového marketingu. Vzťahy a odlišnosti medzi projektovým marketingom a projektovým manažmentom. Typické modely projektov s charakteristikou vzťahov medzi zúčastnenými subjektami na strane predaja i nákupu. Prvky projektového marketingu. | ||
| 610 | 2 | 0 | |a marketing |
| 610 | 2 | 0 | |a projekty |
| 610 | 2 | 0 | |a manažment |
| 610 | 2 | 0 | |a nákup |
| 610 | 2 | 0 | |a predaj |
| 610 | 2 | 0 | |a podnikanie |
| 610 | 2 | 0 | |a dodávatelia |
| 610 | 2 | 0 | |a trh |
| 100 | 1 | |a Oreský, Milan, 1956- | |